Sports Quiz

Random Sports or Soccer Quiz
Score 0/22 Timer 04:00
1 Play Today
Team that came closest Nation % Correct
Playoff RoundRepublic Of Ireland
92.2%
Playoff RoundLatvia
88.3%
2nd Qualifying RoundNorthern Ireland
87.5%
3rd Qualifying RoundWales
87.1%
3rd Qualifying RoundLithuania
87%
2nd Qualifying RoundMalta
86.5%
1st Qualifying RoundSan Marino
86.4%
3rd Qualifying RoundEstonia
84.2%
2nd Qualifying RoundAndorra
83.7%
3rd Qualifying RoundLuxembourg
82.7%
3rd Qualifying RoundIceland
79.4%
Team that came closest Nation % Correct
Playoff RoundAlbania
79.3%
Playoff RoundMoldova
78.3%
1st Qualifying RoundKosovo
76.7%
3rd Qualifying RoundMacedonia
76.7%
Yet To Enter CompetitionLiechtenstein
74%
3rd Qualifying RoundBosnia and Herzegovina
73.3%
2nd Qualifying RoundMontenegro
73.2%
2nd Qualifying RoundGibraltar
72.5%
2nd Qualifying RoundArmenia
67.5%
3rd Qualifying RoundGeorgia
66.9%
2nd Qualifying RoundFaroe Islands
62.3%

You're not logged in!

Compare scores with friends on all Sporcle quizzes.
OR
Log In

Sporcle TV

Today on Sporcle TV


Watch our educational content, quiz creation guides, and fun videos on Sporcle TV.

Show Comments

Extras

Top Quizzes Today


Score Distribution

Paid Content

Your Account Isn't Verified!

In order to create a playlist on Sporcle, you need to verify the email address you used during registration. Go to your Sporcle Settings to finish the process.

Report this User

Report this user for behavior that violates our Community Guidelines.

Details: